| 000 | 00820cab a22002415a 4500 | ||
|---|---|---|---|
| 001 | L139226 | ||
| 008 | 070724e20070720xxko f 000 0 eng d | ||
| 035 | _a(Sirsi) u139226 | ||
| 041 | 0 | _aeng | |
| 100 | 1 | _aHeap, Richard | |
| 245 | 0 | 0 |
_aRegional _bCentral London |
| 260 | _c2007 | ||
| 490 | 0 |
_aProperty Week _v72(29) 20 July 2007, 91-108(8) |
|
| 520 | _aLooks at Kier's PFI project to renovate Middlesex Guildhall for use as the UK's Supreme Court. Reports on how London's shortage of upmarket hotels is creating an opportunity for international investors. | ||
| 590 | _aKA | ||
| 651 | 4 | _aCentral London | |
| 690 | _aPROPERTY-COMMERCIAL PROPERTY-COMMERCIAL PROPERTY MARKET | ||
| 700 | 1 | _aShepherd, Mark | |
| 700 | 1 | _aWatson, Stuart | |
| 700 | 1 | _aHipwell, Deidre | |
| 700 | 1 | _aChesters, Laura | |
| 942 | _n0 | ||
| 999 |
_c79030 _d79030 |
||